The non-believer's journey / (Record no. 590)
[ view plain ]
| 000 -LEADER | |
|---|---|
| fixed length control field | 00758cam a2200253 a 4500 |
| 001 - CONTROL NUMBER | |
| control field | 2318353 |
| 003 - CONTROL NUMBER IDENTIFIER | |
| control field | GZU |
| 005 - DATE AND TIME OF LATEST TRANSACTION | |
| control field | 20200908101443.0 |
| 008 - FIXED-LENGTH DATA ELEMENTS--GENERAL INFORMATION | |
| fixed length control field | 810611s1980 enk 000 1 eng |
| 010 ## - LIBRARY OF CONGRESS CONTROL NUMBER | |
| LC control number | 81112481 |
| 015 ## - NATIONAL BIBLIOGRAPHY NUMBER | |
| National bibliography number | GB*** |
| 020 ## - INTERNATIONAL STANDARD BOOK NUMBER | |
| International Standard Book Number | 0435902334 (pbk.) : |
| Terms of availability | £1.75 |
| 040 ## - CATALOGING SOURCE | |
| Original cataloging agency | DLC |
| Transcribing agency | DLC |
| Modifying agency | DLC |
| 050 00 - LIBRARY OF CONGRESS CALL NUMBER | |
| Classification number | PR 9390.9. |
| Item number | NYA 1980 |
| 082 00 - DEWEY DECIMAL CLASSIFICATION NUMBER | |
| Classification number | 823 |
| Edition number | 19 |
| 100 1# - MAIN ENTRY--PERSONAL NAME | |
| Personal name | Nyamfukudza, S., |
| Dates associated with a name | 1951- |
| 245 14 - TITLE STATEMENT | |
| Title | The non-believer's journey / |
| Statement of responsibility, etc. | S. Nyamfukudza. |
| 260 ## - PUBLICATION, DISTRIBUTION, ETC. | |
| Place of publication, distribution, etc. | London : |
| Name of publisher, distributor, etc. | Heinemann ; |
| Place of publication, distribution, etc. | Exeter, N.H. : |
| Name of publisher, distributor, etc. | Heinemann Educational Books, |
| Date of publication, distribution, etc. | 1980. |
| 300 ## - PHYSICAL DESCRIPTION | |
| Extent | 113 p. ; |
| Dimensions | 19 cm. |
| 440 #0 - SERIES STATEMENT/ADDED ENTRY--TITLE | |
| Title | African writers series ; |
| Volume/sequential designation | 233 |
| 651 #0 - SUBJECT ADDED ENTRY--GEOGRAPHIC NAME | |
| Geographic name | Africa |
| General subdivision | Fiction. |
| 906 ## - LOCAL DATA ELEMENT F, LDF (RLIN) | |
| a | 7 |
| b | cbc |
| c | orignew |
| d | 2 |
| e | ncip |
| f | 19 |
| g | y-gencatlg |
| 942 ## - ADDED ENTRY ELEMENTS (KOHA) | |
| Source of classification or shelving scheme | Library of Congress Classification |
| Koha item type | Books |
| Classification part | 9390.9 |
| Item part | NYA |
| Call number prefix | PR |
| Withdrawn status | Lost status | Source of classification or shelving scheme | Damaged status | Not for loan | Collection code | Home library | Current library | Shelving location | Date acquired | Total Checkouts | Full call number | Barcode | Date last seen | Copy number | Price effective from | Koha item type | Inventory number | Date last checked out |
|---|---|---|---|---|---|---|---|---|---|---|---|---|---|---|---|---|---|---|
| Library of Congress Classification | Fiction | City Campus Library | City Campus Library | General Stacks | 09/08/2020 | PR 9390.9 NYA 1980 | 013205 | 09/08/2020 | c.1 | 09/08/2020 | Books | |||||||
| Library of Congress Classification | Fiction | City Campus Library | City Campus Library | General Stacks | 03/16/2021 | PR 9390.9 NYA 1980 | 014487 | 03/16/2021 | c.2 | 03/16/2021 | Books | 12371 | ||||||
| Library of Congress Classification | Fiction | City Campus Library | City Campus Library | General Stacks | 03/24/2012 | 5 | PR9390.9 NYA 1980 | 014486 | 05/27/2022 | c.3 | 03/24/2021 | Books | 12370 | 05/23/2022 | ||||
| Library of Congress Classification | Fiction | City Campus Library | City Campus Library | General Stacks | 03/25/2021 | PR9390.9 NYA 1980 | 000285 | 03/25/2021 | c. 4 | 03/25/2021 | Books | |||||||
| Fiction | City Campus Library | City Campus Library | 04/06/2021 | PR9390.9 NYA 1980 | 014949 | 04/06/2021 | c-5 | 04/06/2021 | Books | |||||||||
| Fiction | Mashava Campus Library | Mashava Campus Library | General Stacks | 05/20/2021 | PR9390.9 NYA 1980 | 014488 | 05/20/2021 | c.6 | 05/20/2021 | Books |